000 00908nas a2200289 4500
001 BR0102939
003 BR-BrBNA
005 20231205102321.0
007 ta
008 230509b bl.|||p| |||| 00| 00por d
040 _aBR-BrBNA
_bpor
_cBiblioteca Nacional de Agricultura
041 _a(Pt)
072 _aL73
100 1 _aGama, N.M.S.Q.
100 1 _aCarvalho, A.M. de
100 1 _aCastro, A.G.M.
245 1 _aLevantamento sorologico da prevalencia de Mycoplasma gallisepticum em aves destinadas a postura comercial
650 _aGalinha para Postura
650 _aMicoplasmose
650 _aSoro-Aglutinacao
650 _aAnalise de Laboratorio
650 _aMedicamento
650 _aSao Paulo
773 0 _tArquivos do Instituto Biologico (Brazil)
_xISSN 0020-3653
_g(Jan-Dec 1993), v. 60(1-2) p. 48-51
_wBR0102939
909 _a202311
_bLúcia
_c55
_dLúcia Elande
942 _2AGRIS
_n0
_cANA
999 _c166947
_d166947